00478nam a2200133 u 450000100100000000500170001000800410002704000250006808200130009311000600010624501050016626000530027130000200032400002048920200930011123.0100813s20uu dr 000 0 spa d aDO-SdBNPbspacBNPHU axxxbxxx2 aAcociación Dominicana de Agencias de Viajes y Turismo10aGuía de comercialización de alojamientos en las agencias de viajes de la República Dominicana. aSanto Domingo :bMinisterio de Turismo,c[201?]. a55 p. ;c29 cm.